Construction cost information. (Record no. 90659)

MARC details
000 -LEADER
fixed length control field 00732cam a2200265 4500
001 - CONTROL NUMBER
control field B889
008 - FIXED-LENGTH DATA ELEMENTS--GENERAL INFORMATION
fixed length control field 090401t1987 xxu||||| |||| 00| 0 eng d
035 ## - SYSTEM CONTROL NUMBER
System control number (Sirsi) u38552
041 ## - LANGUAGE CODE
Language code of text/sound track or separate title eng
050 ## - LIBRARY OF CONGRESS CALL NUMBER
Classification number 690.23
110 ## - MAIN ENTRY--CORPORATE NAME
Corporate name or jurisdiction name as entry element Commonwealth Association of Surveying and Land Economy
9 (RLIN) 2570
245 ## - TITLE STATEMENT
Title Construction cost information.
260 ## - PUBLICATION, DISTRIBUTION, ETC.
Place of publication, distribution, etc. London
Name of publisher, distributor, etc. CASLE
Date of publication, distribution, etc. 1987
300 ## - PHYSICAL DESCRIPTION
Extent ca.100p ; 30cm.
350 ## - PRICE (NR) (BK AM CF MU VM SE) [OBSOLETE]
Price 0
490 ## - SERIES STATEMENT
Series statement Project Manual
Volume/sequential designation 4
650 ## - SUBJECT ADDED ENTRY--TOPICAL TERM
Topical term or geographic name entry element BUILT ENVIRONMENT-BUILDING COSTS
650 ## - SUBJECT ADDED ENTRY--TOPICAL TERM
Topical term or geographic name entry element COST ANALYSES
650 ## - SUBJECT ADDED ENTRY--TOPICAL TERM
Topical term or geographic name entry element COST PLANNING AND CONTROL
650 ## - SUBJECT ADDED ENTRY--TOPICAL TERM
Topical term or geographic name entry element TENDER PRICES
690 ## - LOCAL SUBJECT ADDED ENTRY--TOPICAL TERM (OCLC, RLIN)
Topical term or geographic name as entry element BUILT ENVIRONMENT-BUILDING COSTS
700 ## - ADDED ENTRY--PERSONAL NAME
Personal name Robertson, Douglas.
International Standard Serial Number Editor
942 ## - ADDED ENTRY ELEMENTS (KOHA)
Suppress in OPAC 0
948 ## - LOCAL PROCESSING INFORMATION (OCLC); SERIES PART DESIGNATOR (RLIN)
c (OCLC) 04/03/1997
Holdings
Withdrawn status Lost status Source of classification or shelving scheme Damaged status Not for loan Home library Current library Shelving location Date acquired Total Checkouts Full call number Barcode Date last seen Copy number Price effective from Koha item type
    Dewey Decimal Classification     London London Basement 03/10/1995   SHELF 327 (PAMPHLET) 30049047 06/08/2019 1 06/08/2019 Reference material